000 00586nam a22001817a 4500
005 20251108170927.0
008 250721s1998 xx 000 0 ara d
082 1 4 _aط/581.92/نبا
245 1 0 _aنباتات الأنهار و البحيرات /
246 1 1 _aLos Rios Ylos Lagos
264 1 _aبيروت :
_bأكاديميا انترناشيونال،
_c1998.
300 _a31 ص. : مص.
490 0 _aعالم النبات
650 1 7 _aالنباتات المائية
653 _aاطفال مرحلة متوسطة (6-9) سنوات
942 _2ddc
_cBK
999 _c52324
_d52324